000 00665nam a2200241 i 4500
001 C2-0070974
003 PPAK
005 20190630222148.0
008 970429s1992 xxka|||| ||||| | eng d
020 _a1563262029
040 _aPPAK
_beng
_cPPAK
_erda
082 0 4 _a032.02
_223
090 0 0 _a032.02
_bCAN
_dR
090 0 0 _a032.02
_bCAN
_dRK
245 0 0 _aCan you really fry an egg on a stone?
264 1 _aMalborough :
_bWaltz Disney ,
_c1992
300 _a[28 pages] :
_bcolour illustrations ;
_c23 cm
336 _2rdacontent
_atext
337 _2rdamedia
_aunmediated
338 _2rdacarrier
_avolume
650 1 0 _aCuriosities and wonders
942 _ddc
_cB
999 _c8522
_d8522